Hawaii Judicial Districts - Statistics

General Stats
  • This quiz has been taken 4 times
  • The average score is 14 of 28
Answer Stats
County Population
(2020 U.S. Census)
Answer % Correct
Honolulu 405,295 Honolulu
100%
Kalawao 82 Kalawao
100%
Maui 3,367 Lanai
100%
Maui 7,345 Molokai
100%
Maui 1,405 Hana
75%
Hawaii 8,979 Kau
75%
Kauai 16,937 Lihue
75%
Hawaii 6,890 Hamakua
50%
Kauai 8,107 Hanalei
50%
Honolulu 21,899 Koolauloa
50%
Maui 22,309 Lahaina
50%
Maui 44,909 Makawao
50%
Hawaii 2,114 North Hilo
50%
Hawaii 6,979 North Kohala
50%
Hawaii 43,313 North Kona
50%
Hawaii 51,704 Puna
50%
Hawaii 51,551 South Hilo
50%
Hawaii 19,310 South Kohala
50%
Hawaii 9,789 South Kona
50%
Honolulu 51,965 Waianae
50%
Maui 88,417 Wailuku
50%
Kauai 9,824 Waimea
50%
Honolulu 360,841 Ewa
25%
Kauai 22,937 Kawaihau
0%
Kauai 15,493 Koloa
0%
Honolulu 121,275 Koolaupoko
0%
Honolulu 41,667 Wahiawa
0%
Honolulu 13,566 Waialua
0%
No matching quizzes found
Score Distribution
Percent of People with Each Score
Percentile by Number Answered
Your Score History
You have not taken this quiz